MARC

LEADER 00000nam0a2200000 4500
001 29616
005 20231101205924.0
010 |a 5854680149 
035 |a (RuTPU)RU\TPU\book\29881 
035 |a BOOK00029956 
090 |a 29616 
100 |a 20011209d1999 m y0rusy50 ca 
101 0 |a rus 
102 |a RU 
105 |a y z 000zy 
200 1 |a Береза и баньян  |f Г. Б. Горошко, В. А. Скосырев 
210 |a Москва  |c Славянский диалог  |d 1999 
215 |a 207 с.  |c ил. 
510 1 |a Российско-индийские отношения: вчера, сегодня, завтра 
606 1 |a Азиатско-Тихоокеанский регион  |x Международные отношения с Россией  |2 stltpush  |3 (RuTPU)RU\TPU\subj\58943  |9 76624 
610 1 |a политика 
610 1 |a внешняя политика 
610 1 |a международные отношения 
610 1 |a Россия 
610 1 |a Индия 
610 1 |a СССР 
610 1 |a дипломатические отношения 
686 |a Ф4(2)9(5Ид)  |v LBC/SL-A  |2 rubbk 
700 1 |a Горошко  |b Г. Б.  |g Галина Борисовна 
701 1 |a Скосырев  |b В. А.  |g Владимир Александрович 
801 0 |a RU  |b 63413507  |c 20011209  |g PSBO 
801 2 |a RU  |b 63413507  |c 20140320  |g PSBO 
942 |c BK